000 00821nam a22001457a 4500
999 _c525903
_d525903
008 240423b ||||| |||| 00| 0 eng d
100 _aBenn, Aluf
_951845
245 _aIsrael’s self-destruction: Netanyahu, the Palestinians, and the price of neglect.
260 _aForeign Affairs
300 _a103(3), Mar-Apr, 2024: p.44-57
520 _aOne bright day in April 1956, Moshe Dayan, the one eyed chief of staff of the lsrael defense forces (IDF), drove south to Nahal Oz, a recently established kibbutz near the border of the Gaza strip. Dayan came to attend the funeral of 21 year old Roi Rothberg, who had been murdered the previous morning by Palestinians while he was patrolling the fields on horseback. – Reproduced
773 _aForeign Affairs
906 _aINTERNATIONAL RELATIONS
942 _cAR